| 000 | 01242nam a2200445 a 4500 | ||
|---|---|---|---|
| 003 | AR-BaBNM | ||
| 005 | 20251128204800.0 | ||
| 008 | 082120s2002 ||||||||||||||000 | spa|| | ||
| 020 | _a950-514-275-7 | ||
| 040 | _cAR-BaBNM | ||
| 245 | 0 | 0 |
_aEl hombre y la educación hoy _blíneas para un plan de formación docente |
| 250 | _a1ª ed. | ||
| 260 |
_aBuenos Aires _bDon Bosco Argentina _c1995 |
||
| 300 | _a375 p. | ||
| 490 | 0 | _aPedagógica | |
| 500 | _aContiene anexos en p. 341-365 | ||
| 600 | 1 | 4 | _aFreud, Sigmund |
| 600 | 1 | 4 | _aPiaget, Jean |
| 600 | 1 | 4 | _aRogers, Karl |
| 600 | 1 | 4 | _aFreire, Paulo |
| 600 | 0 | 4 | _aDon Bosco |
| 650 | 4 | _aFILOSOFIA DE LA EDUCACION | |
| 650 | 4 | _aPSICOLOGIA DE LA EDUCACION | |
| 650 | 4 | _aPSICOLOGIA EVOLUTIVA | |
| 650 | 4 | _aENSEÑANZA RELIGIOSA | |
| 650 | 4 | _aEDUCACION CRISTIANA | |
| 650 | 4 | _aVALORES | |
| 650 | 4 | _aPSICOANALISIS | |
| 650 | 4 | _aEXISTENCIALISMO | |
| 650 | 4 | _aFORMACION DE DOCENTES | |
| 653 | _aPOSMODERNIDAD | ||
| 700 | 1 | _aCarrizo, Cristina | |
| 700 | 1 | _aMisller, Berta | |
| 700 | 1 | _aParmigiani, María Rosa G. de | |
| 700 | 1 | _aSaiz de Podestá, Elba | |
| 700 | 1 | _aRodríguez, Nélida | |
| 700 | 1 | _aSenosiain, Graciela G. de | |
| 942 | _cBK | ||
| 998 | _cGLORIA | ||
| 999 |
_c8805 _d8805 |
||